000 00737nam a22001817a 4500
005 20120213122625.0
020 _c300.00
_a817211186x
035 _aB-171406
037 _b
_adpl
082 _a181.493
100 _a
_941736
245 1 _aप्रतीत्यसमुत्पाद /
_c
260 _aइलाहाबाद
_bनार्दर्न बुक सेंटर
_c2005
270 _a
_b
_e
_k
300 _a103पृ.
_c22सेमी (सजिल्द)
942 _adpl
_cHN
_k
_2ddc
_h181.493
_mप्रतीत्य
999 _c62619
_d62619